000 01279nam a2200373 c 4500
999 _c50752
_d50752
001 50752
003 ES-MaCES
005 20200226040017.0
008 180530s2011 sp ||| | spa d
017 _aM 8427-2011
_bDL
040 _aES-MaCES
_bspa
_cES-MaCES
245 0 0 _aCCOO ante el Acuerdo Social y Económico para el crecimiento, el empleo y la garantía de las pensiones
260 _aMadrid
_bConfederación Sindical de Comisiones Obreras
_c[2011]
300 _a78 p.
_c24 cm
490 1 _aCuadernos de información sindical
_v23-2011, nueva etapa
541 _cGratuito
650 4 _acrecimiento económico
_927094
650 4 _aempleo
_928299
650 4 _apolítica de empleo
_928300
650 4 _anegociación colectiva
_928362
650 4 _aconcertación social
_930664
650 4 _arégimen de pensión
_927042
650 4 _areforma de la seguridad social
_930668
650 4 _asindicato
_928377
650 4 _aactitud sindical
_929839
650 4 _aacuerdo económico
_927961
650 4 _aEspaña
_926964
650 4 _a2011
_931999
653 1 0 _aRelaciones laborales-Empleo
710 2 _aComisiones Obreras
_92105
830 0 _aCuadernos de información sindical
_v23-2011
_932326
902 _aDOC Literatura gris
942 _2CES
_cBK
_h2.0.